Die Nacht: Roman
| Main Author: | |
|---|---|
| Contributors: | ; ; |
| Format: | Print Book |
| Language: | German |
| Subito Delivery Service: | Order now. |
| Check availability: | HBZ Gateway |
| WorldCat: | WorldCat |
| Interlibrary Loan: | Interlibrary Loan for the Fachinformationsdienste (Specialized Information Services in Germany) |
| Published: |
Freiburg im Breisgau [u.a.]
Herder
1996
|
| In: | Year: 1996 |
| Edition: | 2. Aufl. |
| Series/Journal: | Herder-Spektrum
Bd. 4488 |
| Standardized Subjects / Keyword chains: | B
Wiesel, Elie 1928-2016
B Auschwitz concentration camp / Jews / History 1944-1945 |
| Further subjects: | B
Experience account
B Autobiography 1944-1945 |
MARC
| LEADER | 00000cam a2200000 c 4500 | ||
|---|---|---|---|
| 001 | 215792521 | ||
| 003 | DE-627 | ||
| 005 | 20250119033117.0 | ||
| 007 | tu | ||
| 008 | 960924s1996 gw ||||| 00| ||ger c | ||
| 015 | |a 96,A40,1470 |2 dnb | ||
| 016 | 7 | |a 948290021 |2 DE-101 | |
| 020 | |a 3451044889 |c : DM 12.80, S 95.00 (kart.) |9 3-451-04488-9 | ||
| 035 | |a (DE-627)215792521 | ||
| 035 | |a (DE-576)057979693 | ||
| 035 | |a (DE-599)GBV215792521 | ||
| 035 | |a (OCoLC)845278221 | ||
| 035 | |a (OCoLC)43126684 | ||
| 040 | |a DE-627 |b ger |c DE-627 |e rakwb | ||
| 041 | |a ger |h fre | ||
| 044 | |c XA-DE |c XA-CH |c XA-AT | ||
| 084 | |a 63 |a 55 |2 sdnb | ||
| 084 | |a BD 7650 |2 rvk |0 (DE-625)rvk/10267: | ||
| 084 | |a LH 10015 |2 rvk |0 (DE-625)rvk/92192: | ||
| 084 | |a IH 90360 |2 rvk |0 (DE-625)rvk/58955:11639 | ||
| 100 | 1 | |0 (DE-588)11880975X |0 (DE-627)079583717 |0 (DE-576)163561966 |4 aut |a Wiesel, Elie |d 1928-2016 | |
| 109 | |a Wiesel, Elie 1928-2016 |a Vizel, Eli 1928-2016 |a Wiesel, Eli 1928-2016 |a Vizel, Ė. 1928-2016 |a Wiezel, Eli 1928-2016 |a Wiesel, Elisaha 1928-2016 |a Wiesel, Eliezer 1928-2016 |a Wiesel, Elizer 1928-2016 |a Wîzel, Ēlî 1928-2016 |a Ṿizel, Eli 1928-2016 |a Weisel, Elie 1928-2016 | ||
| 240 | 1 | 3 | |a La nuit <dt.> |
| 245 | 1 | 4 | |a Die Nacht |b Roman |c Elie Wiesel. Aus dem Franz. von Curt Meyer-Clason. Vorw. von Martin Walser. Mit einer Vorr. von François Mauriac |
| 250 | |a 2. Aufl. | ||
| 264 | 1 | |a Freiburg im Breisgau [u.a.] |b Herder |c 1996 | |
| 300 | |a 153 S. |c 19 cm | ||
| 336 | |a Text |b txt |2 rdacontent | ||
| 337 | |a ohne Hilfsmittel zu benutzen |b n |2 rdamedia | ||
| 338 | |a Band |b nc |2 rdacarrier | ||
| 490 | 0 | |a Herder-Spektrum |v Bd. 4488 | |
| 500 | |a Lizenz des Bechtle-Verl., München, Esslingen | ||
| 583 | 1 | |a Archivierung/Langzeitarchivierung gewährleistet |f PEBW |x XA-DE-BW |2 pdager |5 DE-31 | |
| 583 | 1 | |a Archivierung prüfen |c 20240324 |f DE-4165 |z 1 |2 pdager | |
| 655 | 7 | |a Erlebnisbericht |0 (DE-588)4133254-4 |0 (DE-627)105681490 |0 (DE-576)209642378 |2 gnd-content | |
| 655 | 7 | |a Autobiografie |y 1944-1945 |0 (DE-588)4003939-0 |0 (DE-627)106388258 |0 (DE-576)208853251 |2 gnd-content | |
| 689 | 0 | 0 | |d p |0 (DE-588)11880975X |0 (DE-627)079583717 |0 (DE-576)163561966 |2 gnd |a Wiesel, Elie |d 1928-2016 |
| 689 | 0 | |5 DE-101 | |
| 689 | 1 | 0 | |d b |0 (DE-588)4003697-2 |0 (DE-627)106388770 |0 (DE-576)208852565 |2 gnd |a Konzentrationslager Auschwitz |
| 689 | 1 | 1 | |d s |0 (DE-588)4028808-0 |0 (DE-627)10430670X |0 (DE-576)208979565 |2 gnd |a Juden |
| 689 | 1 | 2 | |q z |2 gnd |a Geschichte 1944-1945 |
| 689 | 1 | |5 DE-101 | |
| 689 | 2 | 0 | |d p |0 (DE-588)11880975X |0 (DE-627)079583717 |0 (DE-576)163561966 |2 gnd |a Wiesel, Elie |d 1928-2016 |
| 689 | 2 | |5 (DE-627) | |
| 689 | 3 | 0 | |d b |0 (DE-588)4003697-2 |0 (DE-627)106388770 |0 (DE-576)208852565 |2 gnd |a Konzentrationslager Auschwitz |
| 689 | 3 | 1 | |d s |0 (DE-588)4028808-0 |0 (DE-627)10430670X |0 (DE-576)208979565 |2 gnd |a Juden |
| 689 | 3 | 2 | |q z |2 gnd |a Geschichte 1944-1945 |
| 689 | 3 | |5 (DE-627) | |
| 700 | 1 | |e Übers. |0 (DE-588)118581953 |0 (DE-627)035151544 |0 (DE-576)162219946 |4 oth |a Meyer-Clason, Curt |d 1910-2012 | |
| 700 | 1 | |8 1\p |0 (DE-588)118628852 |0 (DE-627)079416802 |0 (DE-576)163469601 |4 oth |a Walser, Martin |d 1927-2023 | |
| 700 | 1 | |8 2\p |0 (DE-588)118732099 |0 (DE-627)133461351 |0 (DE-576)162168993 |4 oth |a Mauriac, François |d 1885-1970 | |
| 700 | 1 | 2 | |a Wiesel, Elie |d 1928-2016 |t La nuit <dt.> |
| 883 | |8 1\p |a cgwrk |d 20241001 |q DE-101 |u https://d-nb.info/provenance/plan#cgwrk | ||
| 883 | |8 2\p |a cgwrk |d 20241001 |q DE-101 |u https://d-nb.info/provenance/plan#cgwrk | ||
| 935 | |a mteo | ||
| 935 | |i Blocktest | ||
| 936 | r | v | |a BD 7650 |b Quellen |k Theologie und Religionswissenschaften |k Judaistik |k Religions- und Kulturgeschichte der Juden |k 20. und 21. Jahrhundert (seit ca. 1930) |k Jüdische Literatur in verschiedenen Sprachen |k Quellen |0 (DE-627)1270718002 |0 (DE-625)rvk/10267: |0 (DE-576)200718002 |
| 936 | r | v | |a LH 10015 |b Athenäum-Kunst-Reiseführer |k Kunstgeschichte |k Allgemeines. Allgemeine Kunstgeschichte |k Kunstführer, Kunstreiseführer |k Große übernationale Reihen |k Athenäum-Kunst-Reiseführer |0 (DE-627)1271071215 |0 (DE-625)rvk/92192: |0 (DE-576)201071215 |
| 936 | r | v | |a IH 90360 |b Gesammelte Werke und Einzelwerke |k Romanistik |k Französische Literatur im 20. und 21. Jahrhundert |k Französische Literatur im 20. Jahrhundert |k Literaturgeschichte |k Einzelne Autoren und ausgewählte Anonyma |k Autoren W |k Wiesel, Elie |k Gesammelte Werke und Einzelwerke |0 (DE-627)1271526700 |0 (DE-625)rvk/58955:11639 |0 (DE-576)201526700 |
| 951 | |a BO | ||
| ELC | |b 1 | ||
| ORI | |a SA-MARC-ixtheo_oa001.raw | ||
| STA | 0 | 0 | |a Auschwitz concentration camp,Jews,Jews,Jew,Jews in literature |
| STB | 0 | 0 | |a Camp de concentration d’Auschwitz,Juifs,Juifs |
| STC | 0 | 0 | |a Campo de concentración Auschwitz,Judíos,Judíos,Judíos |
| STD | 0 | 0 | |a Campo di concentramento di Auschwitz <motivo>,Auschwitz (motivo),Auschwitz,Ebrei,Ebrei |
| STE | 0 | 0 | |a 犹太人,犹太人 |
| STF | 0 | 0 | |a 猶太人,猶太人 |
| STG | 0 | 0 | |a Campo de concentração Auschwitz,Judeus,Judeus |
| STH | 0 | 0 | |a Евреи (мотив),Евреи,Концлагерь Освенциум (мотив) |
| STI | 0 | 0 | |a Εβραίοι (μοτίβο),Εβραίοι,Στρατόπεδο συγκέντρωσης Άουσβιτς (μοτίβο) |
| SYG | 0 | 0 | |a Vizel, Ė.,1928-2016,Vizel, Eli,1928-2016,Wiezel, Eli,1928-2016,Wiesel, Eliezer,1928-2016,Wiesel, Elizer,1928-2016,Wîzel, Ēlî,1928-2016,Ṿizel, Eli,1928-2016,Wiesel, Elisaha,1928-2016,Weisel, Elie,1928-2016,Wiesel, Eli,1928-2016 , KZ Auschwitz,Auschwitz I , Jews,Jüdinnen,Jude,Jüdin,Jude , Vizel, Ė.,1928-2016,Vizel, Eli,1928-2016,Wiezel, Eli,1928-2016,Wiesel, Eliezer,1928-2016,Wiesel, Elizer,1928-2016,Wîzel, Ēlî,1928-2016,Ṿizel, Eli,1928-2016,Wiesel, Elisaha,1928-2016,Weisel, Elie,1928-2016,Wiesel, Eli,1928-2016 , KZ Auschwitz,Auschwitz I , Jews,Jüdinnen,Jude,Jüdin,Jude |
| TIM | |a 100019440101_100019451231 |b Geschichte 1944-1945 | ||